|
|
|
|
| LEADER |
01122nam a22003252a 4500 |
| 001 |
001576872 |
| 003 |
CZ BrMZK |
| 005 |
20180110103334.0 |
| 007 |
ta |
| 008 |
170516s1974 xo er|||||||||||slo d |
| 040 |
|
|
|a ABA001
|b cze
|c ABA001
|d ABA001
|d BOA001
|
| 041 |
0 |
|
|a slo
|b rus
|
| 072 |
|
7 |
|a 556
|x Hydrologie
|2 Konspekt
|9 7
|
| 080 |
|
|
|a 556.3
|2 MRF
|
| 080 |
|
|
|a 631.423.2
|2 MRF
|
| 080 |
|
|
|a (041)
|2 MRF
|
| 100 |
1 |
|
|a Gavenčiak, Štefan
|7 jx20050502006
|4 aut
|
| 245 |
1 |
0 |
|a Vplyv výšky hladiny podzemnej vody na priebeh prvkov vodnej bilancie v pôde /
|c Štefan Gavenčiak
|
| 260 |
|
|
|a Bratislava :
|b Alfa,
|c 1974
|
| 300 |
|
|
|a 13 s.
|
| 490 |
1 |
|
|a Informácie Výskumného ústavu vodného hospodárstva ;
|v zv. 35
|
| 546 |
|
|
|a Ruské resumé
|
| 650 |
0 |
7 |
|a podzemní vody
|7 ph115768
|2 czenas
|
| 650 |
0 |
7 |
|a půdní vlhkost
|7 ph254472
|2 czenas
|
| 655 |
|
7 |
|a brožury
|7 fd131925
|2 czenas
|
| 830 |
|
0 |
|a Informácie Výskumného ústavu vodného hospodárstva
|
| 910 |
|
|
|a BOA001
|b X-0725.512
|
| 990 |
|
|
|a BK
|
| 991 |
|
|
|b 201705
|
| 996 |
7 |
|
|b 2619199358
|c X-0725.512
|l MZK
|r Sklad / do 24 hodin
|n 0
|w 001612048
|u 000010
|a 1
|e BOA001
|j MZK50
|s A
|